| Поле | Инд. | ПП | Название | Значение |
|---|---|---|---|---|
| Тип записи | a | |||
| Библиографический уровень | b | |||
| 001 | Контрольный номер | RU/IS/BASE/274376745 | ||
| 005 | Дата корректировки | 20200618185528.3 | ||
| 008 | Кодируемые данные | 20080910 | ||
| 040 | b | Код языка каталог. | rus | |
| e | Правила каталог. | PSBO | ||
| 041 | 0_ | a | Код языка текста | rus |
| 084 | a | Индекс другой классификации/Индекс ББК | 63.3(2)-3; 63.3(2)-72; 60.52(2Рос) | |
| 100 | 1_ | a | Автор | Киселев А. Ф. |
| q | Полное имя | Киселев Александр Федотович | ||
| 245 | 10 | a | Заглавие | О мифах и мифотворчестве |
| 520 | 0_ | a | Аннотация | Статья развенчивает мифы, окутывающие идею демократии в России, освещает самобытные демократические традиции, сложившиеся в ходе отечественной истории |
| 600 | 34 | a | Персоналии | Хомяков Алексей Степанович |
| 650 | 14 | a | Основная рубрика | история |
| a | Основная рубрика | социология | ||
| 653 | 1_ | a | Ключевые слова | демократические традиции |
| a | Ключевые слова | демократия | ||
| a | Ключевые слова | российское общество | ||
| a | Ключевые слова | Россия | ||
| a | Ключевые слова | русская демократия | ||
| a | Ключевые слова | социальное мифотворчество | ||
| a | Ключевые слова | социальные мифы | ||
| 773 | 08 | t | Заглавие источника | Высшее образование сегодня |
| d | Дата издания источника | 2008 | ||
| g | Прочая информация | № 6. - С. 13 - 17 | ||
| w | Контрольный № источника | RU/IS/BASE/269362381 | ||
| 901 | t | Тип документа | b |